[Event "Nordic Youth-ch A 2019"]
[Site "Borgarnes"]
[Date "2019.02.15"]
[Round "2.1"]
[White "Kristensen, Bjarke Hautop"]
[Black "Keinanen, Toivo"]
[Result "1-0"]
[WhiteElo "2212"]
[BlackElo "2403"]
[Annotator "TA"]
[PlyCount "81"]
[EventDate "2019.02.03"]
[EventType "swiss"]
[EventCountry "ISL"]
[SourceTitle "playchess.com"]
[Source "ChessBase"]
[SourceQuality "1"]

{[%evp 26,81,13,13,29,19,8,0,0,0,0,-15,0,-19,87,100,115,38,34,31,28,43,117,97,116,98,474,474,466,-224,-227,-206,-234,-216,-222,-250,-215,-298,-16,-16,-15,-12,-8,-407,1358,1347,1347,1314,1500,985,1358,1355,1635,1341,1312,1293,1549,1524]} 1. c4 e6 2. Nf3 d5 3. e3 Nf6 4. Nc3 Be7 5. b3 O-O 6. Bb2 dxc4 7. bxc4 c5 8. g3 b6 9. Bg2 Bb7 10. O-O Nc6 11. Qe2 Rc8 12. Ne1 {A14: English Opening: 1...e6 with b3 by White} (12. Rfd1 Qc7 13. Ne1 Rfd8 14. f4 a6 15. g4 Ne8 16. Rab1 Nd6 17. Ba1 Na5 18. d3 Bc6 19. Qb2 Bf6 20. g5 Bxc3 21. Qxc3 {1-0 (52) Mamedov,R (2703)-Kovalev,V (2683) St Petersburg 2018}) 12... Qd7 13. f4 Rfd8 14. d3 {LiveBook: 4 Games. The position is equal.} Ne8 15. g4 $146 ({Predecessor:} 15. Ne4 f5 16. Ng5 Bf6 17. Rd1 Bxb2 18. Qxb2 Nf6 {0-1 (34) Klugiewicz,J (2033)-Szymanowska,L (1911) Kowalewo Pomorskie 2007}) 15... a6 16. a4 Nb4 17. Bxb7 Qxb7 18. g5 Nd6 19. Rf3 Nf5 (19... f6 $11) 20. Rh3 $1 $16 g6 21. Nd1 ({White should play} 21. Rd1 $1 $16) 21... b5 $1 $14 22. Nf2 bxc4 23. dxc4 Rd7 ({Better is} 23... Nc6 $1 $14) 24. Ng4 $16 Rcd8 {aiming for ...Rd2.} 25. Nf3 Qe4 $2 {[%mdl 8192] [#]} (25... e5 $16 26. Ngxe5 Rd6) 26. Bf6 $1 $18 {[%cal Rf6e7]} Qc2 {[#]} 27. Bxe7 $4 {[%mdl 8192]} (27. Qxc2 $1 $18 {was the only winning move.} Nxc2 28. Bxe7 Rxe7 29. Nf6+ Kf8 30. Rxh7) 27... Rd1+ $19 ({Not} 27... Qxe2 28. Nf6+ Kh8 29. Rxh7#) 28. Rxd1 Rxd1+ 29. Ne1 {White wants to mate with Nf6+.} Nxe7 30. Nf6+ Kf8 31. Kf1 Nf5 $2 (31... Qc1 $19 32. Rxh7 Nec6 33. Rh8+ Ke7) 32. Rxh7 $11 {And now Rh8+ would win.} Ke7 {Strongly threatening ...Nd3.} 33. Rh8 $1 {[%cal Rh8e8] Hoping for Re8+.} Nd6 34. Ra8 $2 {[%mdl 8192]} (34. Qxc2 $11 {and White stays safe.} Nxc2 35. Ke2 Rxe1+ 36. Kd2) 34... Qxc4 $4 {[%mdl 8192] [#]} (34... Qc1 $19 35. Ng8+ Kd7 36. Nf6+ Kc7 37. Ra7+ Kb8) 35. Re8+ $1 $18 {[%mdl 512] White is clearly winning.} Nxe8 36. Qxc4 Nd6 37. Qc3 a5 38. Ke2 Nd5 39. Nxd5+ Rxd5 40. Qxa5 c4 41. Qc7+ {Precision: White = 53%, Black = 27%.} 1-0

[Event "Nordic Youth-ch A 2019"]
[Site "Borgarnes"]
[Date "2019.02.15"]
[Round "2.2"]
[White "Heimisson, Hilmir Freyr"]
[Black "Thorgeirsson, Jon Kristinn"]
[Result "0-1"]
[WhiteElo "2394"]
[BlackElo "2306"]
[Annotator "TA"]
[PlyCount "84"]
[EventDate "2019.02.03"]
[EventType "swiss"]
[EventCountry "ISL"]
[SourceTitle "playchess.com"]
[Source "ChessBase"]
[SourceQuality "1"]

{[%evp 17,84,38,63,41,50,37,35,29,30,31,38,37,48,30,58,0,0,0,0,-69,-67,-66,-64,-85,-84,-73,-72,-100,-100,-86,-83,-107,-102,-114,-110,-114,-125,-133,-116,-198,-125,-197,-150,-150,-161,-256,-223,-326,-310,-302,-295,-370,-367,-741,-708,-964,-559,-964,-952,-916,-892,-29988,-29989,-29993,-29990,-29990,-29991,-29991,-29992]} 1. d4 Nf6 2. c4 d6 3. Nf3 Nbd7 4. g3 c5 5. Bg2 g6 6. O-O Bg7 7. b3 O-O 8. Bb2 Rb8 9. Nc3 {E60: King's Indian: Unusual lines and Fianchetto Variation without Nc3} b6 {LiveBook: 9 Games} 10. Qc2 Bb7 11. Rad1 {White is slightly better.} cxd4 (11... a6 12. a4 Ne8 13. d5 e5 14. dxe6 fxe6 15. Nh4 Bxg2 16. Nxg2 Qe7 {1-0 (37) Papin,V (2483)-Gong,P (2328) Adelaide 2018}) 12. Nxd4 $146 ({Predecessor:} 12. Rxd4 Nc5 13. Rfd1 Nfe4 14. Nxe4 Nxe4 15. Ne1 Bxd4 16. Rxd4 Nf6 {1-0 (37) Fant,G (1955)-Haug,M (1517) Gausdal 2007}) 12... Bxg2 13. Kxg2 Qc8 14. e4 Nc5 15. Rfe1 Rb7 16. Nd5 ({Better is} 16. f4 $14) 16... Ncxe4 $11 17. Rxe4 Nxd5 18. cxd5 (18. Qe2 $11 f5 19. Re6) 18... Qxc2 $15 19. Nxc2 {[#] Hoping for Bxg7.} Bxb2 20. Rc4 a5 21. Rb1 Bf6 22. Rc1 b5 23. Rc6 Ra8 24. Ne3 Raa7 25. Rc8+ Kg7 26. Re8 Bd4 27. Rcc8 h5 28. Rb8 (28. Nc2 $17 Bc5 29. Ne1) 28... a4 (28... Rc7 $19 {And now ...Bxe3 would win.} 29. Rbc8 Kf6) 29. Kf3 (29. Nc2 $17 {was necessary.} Bc3 30. b4) 29... Bc5 30. Rxb7 Rxb7 $17 {[%mdl 4096] Endgame KRB-KRN} 31. Ke4 (31. Ra8 $142) 31... Ra7 32. Rb8 (32. b4 $142 Bxb4 33. Rb8) 32... axb3 $19 33. axb3 b4 34. Nc2 Ra2 35. Nxb4 $2 (35. Kd3) 35... Rd2 36. Kf3 Rxf2+ 37. Ke4 Rd2 {[#] ( -> ...f5+)} 38. Kf3 f5 {[%csl Gc5][%cal Rd2f2]} 39. g4 hxg4+ {[%cal Bh5g4,Bg4g3][%mdl 32] Black mates.} 40. Kg3 Bf2+ 41. Kf4 Rd4+ 42. Kg5 g3 {Precision: White = 27%, Black = 64%.} 0-1

[Event "Nordic Youth-ch A 2019"]
[Site "Borgarnes"]
[Date "2019.02.15"]
[Round "2.3"]
[White "Nazarova, Anastasia"]
[Black "Crevatin, Leo"]
[Result "1-0"]
[WhiteElo "2176"]
[BlackElo "2190"]
[Annotator "TA"]
[PlyCount "99"]
[EventDate "2019.02.03"]
[EventType "swiss"]
[EventCountry "ISL"]
[SourceTitle "playchess.com"]
[Source "ChessBase"]
[SourceQuality "1"]

{[%evp 17,99,39,38,23,50,50,41,29,70,16,54,0,59,60,56,48,42,48,46,36,113,46,108,111,104,105,113,104,131,138,130,129,184,185,194,180,218,224,216,183,183,150,141,119,114,70,166,179,162,162,181,170,196,187,193,199,421,391,493,489,477,412,587,555,773,513,687,682,1255,4335,2222,2221,5077,1890,29962,5206,29978,29979,29979,29979,29982,29977,29986,29985]} 1. e4 Nf6 2. e5 Nd5 3. d4 d6 4. c4 Nb6 5. exd6 cxd6 6. Nc3 g6 7. Be3 Bg7 8. Rc1 O-O 9. b3 Bf5 10. Be2 {B03: Alekhine's Defence: Four Pawns Attack} e5 (10... d5 11. c5 Nc8 12. Bf3 e6 13. g4 Be4 14. Nxe4 dxe4 15. Bxe4 Nc6 16. Ne2 N8e7 17. O-O Qd7 {1-0 (34) Corrales Jimenez,F (2559)-Zhao,J (2610) chess.com INT 2019}) 11. d5 Na6 12. Nf3 $146 {White is slightly better.} ({Predecessor:} 12. h4 Nc8 13. g4 Bd7 14. Qd2 f5 15. gxf5 gxf5 16. Bg5 Qa5 17. Bh6 f4 18. Bxg7 Kxg7 {0-1 (41) Boghossian,P (1988)-Massardo,Q (1900) Vitrolles 2015}) 12... Rc8 13. a3 (13. O-O $14) 13... Nc5 14. b4 (14. O-O $14) 14... Ne4 (14... e4 $1 $11 15. bxc5 exf3 16. cxb6 fxe2) 15. Nxe4 $14 Bxe4 16. Ng5 $36 {[%mdl 2048] White fights for an advantage.} Bf5 17. g4 Bd7 18. Ne4 Ba4 (18... f5 $14 19. Nxd6 {[%mdl 64] Double Attack} Ba4 20. Bxb6 axb6 21. Qxa4 Qxd6) 19. Bxb6 (19. Qd3 $1 $16) 19... Bxd1 (19... Qd7 $14 20. Qd3 axb6) 20. Bxd8 $16 Bxe2 21. Kxe2 Rcxd8 22. g5 f5 23. gxf6 $1 Bxf6 {[#]} 24. Rhd1 $1 Rf7 (24... b6 $16) 25. c5 $18 dxc5 26. bxc5 Bh4 27. f3 Rfd7 28. d6 Kf7 29. Rb1 Rc8 30. Rd2 Bd8 31. Rb5 Rc6 {[#]} ({Black should try} 31... b6 $14) 32. a4 $1 a6 33. Rb3 {Black must now prevent Rdb2.} b6 34. cxb6 Rxb6 35. Rxb6 Bxb6 {[%mdl 4096] Endgame KRB-KRN} 36. Rb2 Bd4 $2 (36... Ba7 37. Rc2 Bd4) 37. Rb8 Ke6 38. Kd3 h6 39. Rh8 h5 (39... Ra7 {was worth a try.} 40. Rxh6 Kf7) 40. Kc4 Bg1 41. h3 Be3 42. Rf8 {[%csl Ge4][%cal Rf8f6]} Rf7 43. Rxf7 Kxf7 {KB-KN} 44. Kd5 a5 45. Kxe5 h4 46. Kd5 Ke8 47. Ke6 {White mates.} Kd8 48. Nf6 g5 49. Ng4 Bf4 50. Nh6 {Accuracy: White = 69%, Black = 27%.} 1-0

[Event "Nordic Youth-ch A 2019"]
[Site "Borgarnes"]
[Date "2019.02.15"]
[Round "2.4"]
[White "Skaale, Janus"]
[Black "Mejlvang, Magnus"]
[Result "0-1"]
[WhiteElo "1765"]
[BlackElo "1880"]
[Annotator "NA RC"]
[PlyCount "88"]
[EventDate "2019.02.03"]
[EventType "swiss"]
[EventCountry "ISL"]
[SourceTitle "playchess.com"]
[Source "ChessBase"]
[SourceQuality "1"]
[TimeControl "40/5400+30:1800+30"]

1. e4 {[%emt 0:00:00]} e6 {[%emt 0:00:00]} 2. d4 {[%emt 0:00:24]} d5 {[%emt 0:00:00]} 3. e5 {[%emt 0:01:36]} c5 {[%emt 0:00:00]} 4. c3 {[%emt 0:00:09]} Nc6 {[%emt 0:00:03]} 5. Nf3 {[%emt 0:00:12]} Bd7 {[%emt 0:00:48]} 6. Be2 {[%emt 0:01:51]} Qb6 {[%emt 0:03:48]} 7. a3 {[%emt 0:05:25]} Rc8 {[%emt 0:02:44]} 8. O-O {[%emt 0:01:09]} cxd4 {[%emt 0:16:50] C02: French: Advance Variation} 9. cxd4 {[%emt 0:00:33]} Na5 {[%emt 0:00:37]} 10. b4 {[%emt 0:10:15]} Nc4 {[%emt 0:02:32]} 11. Nbd2 {[%emt 0:00:48]} (11. Nc3 Ne7 12. Na4 Qc7 13. Nc5 Bc6 14. a4 b6 15. Nd3 Bd7 16. Rb1 {1-0 (41) Areshchenko,A (2664)-Mammadov,Z (2482) Baku 2014}) 11... Nxd2 {[%emt 0:10:25]} 12. Bxd2 {[%emt 0:00:58]} Ne7 $146 {[%emt 0:00:22]} ({Predecessor:} 12... Bb5 13. Rc1 Rxc1 14. Bxb5+ Qxb5 15. Qxc1 Qd7 16. Qc3 Be7 {½-½ (49) Dutschak,H (2320)-Roemer,U (2230) Germany 1992}) 13. Rc1 {[%emt 0:05:29]} Nc6 {[%emt 0:04:08]} 14. Be3 {[%emt 0:06:49]} Be7 {[%emt 0:01:00]} 15. g3 {[%emt 0:04:50]} a6 {[%emt 0:05:20]} 16. h4 {[%emt 0:02:37]} Na7 {[%emt 0:01:59]} 17. Rxc8+ {[%emt 0:02:58]} Nxc8 {[%emt 0:01:01]} 18. Kg2 {[%emt 0:07:35]} Bb5 {[%emt 0:05:28]} 19. Bxb5+ {[%emt 0:01:38]} Qxb5 {[%emt 0:00:33]} 20. h5 $11 {[%emt 0:05:06]} h6 {[%emt 0:01:53]} 21. g4 {[%emt 0:00:39]} Nb6 {[%emt 0:08:51]} 22. Rh1 {[%emt 0:01:43]} Nc4 {[%emt 0:02:06]} 23. Bc1 {[%emt 0:00:13]} a5 {[%emt 0:01:05]} 24. g5 {[%emt 0:05:23]} axb4 {[%emt 0:03:14]} 25. axb4 {[%emt 0:00:51]} Qxb4 {[%emt 0:01:00]} 26. g6 {[%emt 0:00:48]} O-O {[%emt 0:11:11]} 27. gxf7+ {[%emt 0:12:47]} Rxf7 {[%emt 0:00:21]} 28. Qd3 {[%emt 0:01:16]} Rf5 {[%emt 0:02:37]} 29. Rh3 {[%emt 0:00:32]} Qa4 {[%emt 0:04:03]} 30. Rg3 {[%emt 0:01:55]} Kf8 {[%emt 0:01:52]} 31. Nh2 {[%emt 0:06:32]} Qe8 {[%emt 0:01:19]} 32. Rg6 {[%emt 0:03:09]} Qf7 {[%emt 0:03:03]} 33. Qc2 {[%emt 0:06:35]} Rxh5 {[%emt 0:01:15]} 34. Rg3 {[%emt 0:01:39]} Rf5 {[%emt 0:01:20]} 35. Rb3 {[%emt 0:01:09]} Bh4 {[%emt 0:01:02]} 36. Nf3 {[%emt 0:00:38]} Bd8 {[%emt 0:01:47]} 37. Ba3+ {[%emt 0:01:29]} Kg8 {[%emt 0:00:37]} 38. Bc5 {[%emt 0:00:39]} b6 {[%emt 0:00:44]} 39. Ba3 {[%emt 0:00:33]} Qg6+ {[%emt 0:00:37]} 40. Kf1 {[%emt 0:00:22]} Qh5 {[%emt 0:00:32]} 41. Ke2 {[%emt 0:30:35]} Rf4 {[%emt 0:31:02]} 42. Bc1 {[%emt 0:00:36]} Rxd4 {[%emt 0:00:37]} 43. Rd3 {[%emt 0:00:33]} Re4+ {[%emt 0:00:27]} 44. Be3 {[%emt 0:00:18]} Nxe5 {[%emt 0:00:18]} 0-1

[Event "Nordic Youth-ch A 2019"]
[Site "Borgarnes"]
[Date "2019.02.15"]
[Round "2.5"]
[White "Sjoberg, Isak"]
[Black "Tryggestad, Andreas Garberg"]
[Result "1/2-1/2"]
[WhiteElo "2250"]
[BlackElo "2351"]
[Annotator "NA RC"]
[PlyCount "67"]
[EventDate "2019.02.03"]
[EventType "swiss"]
[EventCountry "ISL"]
[SourceTitle "playchess.com"]
[Source "ChessBase"]
[SourceQuality "1"]
[TimeControl "40/5400+30:1800+30"]

{[%evp 22,66,-4,-57,-49,32767,32767,32767,32767,32767,32767,-58,-55,32767,-58,32767,-68,-90,-78,-87,-91,-98,-76,-100,-92,-103,-106,-102,-112,-147,-153,-149,-155,-143,0,0,5,0,8,32767,32767,32767,32767,0,0,0,20]} 1. e4 {[%emt 0:00:55]} c5 {[%emt 0:00:00]} 2. Nf3 {[%emt 0:00:06]} e6 {[%emt 0:00:00]} 3. b3 {[%emt 0:01:11]} b6 {[%emt 0:00:00]} 4. Bb2 {[%emt 0:00:03]} Bb7 {[%emt 0:00:00]} 5. Nc3 {[%emt 0:00:05]} Nc6 {[%emt 0:00:00]} 6. d4 {[%emt 0:00:07]} cxd4 {[%emt 0:00:01]} 7. Nxd4 {[%emt 0:00:04]} Bc5 {[%emt 0:00:07] B40: Sicilian: 2...e6, Unusual lines} 8. Ndb5 {[%emt 0:00:33]} Qb8 {[%emt 0:00:12]} 9. Qg4 $146 {[%emt 0:14:47]} ({Predecessor:} 9. Nd5 Kf8 10. Ndc7 a6 11. Qxd7 Nf6 12. Bxf6 gxf6 13. Nxe6+ fxe6 14. Nc7 Nd4 15. O-O-O {0-1 (67) Perdomo,C (2320)-Psakhis,L (2610) Groningen 1995}) 9... Kf8 {[%emt 0:00:37]} 10. Nd5 {[%emt 0:21:42]} f6 {[%emt 0:00:03]} 11. Nbc7 {[%emt 0:00:51]} Nb4 {[%emt 0:31:19]} ({Much weaker is} 11... exd5 $6 12. Qxd7 Nce7 13. Nxa8 $11) (11... h5 $17 12. Qh3 Nb4 13. Nxa8 Nxc2+ 14. Kd1 Nxa1) 12. Nxb4 {[%emt 0:07:40]} Bxb4+ {[%emt 0:00:06]} 13. c3 {[%emt 0:00:10]} Qxc7 {[%emt 0:04:47]} 14. cxb4 {[%emt 0:00:41]} Qc2 {[%emt 0:00:05]} 15. Qe2 {[%emt 0:03:25]} Qxe4 {[%emt 0:01:14]} 16. Qxe4 {[%emt 0:00:51]} Bxe4 {[%emt 0:00:01]} 17. f3 {[%emt 0:00:23]} Bb7 {[%emt 0:01:46]} 18. Bb5 {[%emt 0:05:33]} a6 {[%emt 0:01:02]} 19. Bd3 {[%emt 0:01:13]} Ne7 {[%emt 0:00:06]} 20. Bd4 {[%emt 0:03:32]} Nd5 {[%emt 0:14:00]} 21. Be4 {[%emt 0:05:46]} b5 {[%emt 0:00:18]} 22. Rc1 {[%emt 0:02:45]} Kf7 {[%emt 0:00:43]} 23. Kd2 {[%emt 0:00:50]} Bc6 {[%emt 0:00:26]} 24. Bc5 {[%emt 0:04:37]} Nf4 {[%emt 0:04:42]} 25. Bd6 {[%emt 0:07:19]} Nxg2 {[%emt 0:06:04]} 26. Bxc6 {[%emt 0:03:43]} dxc6 {[%emt 0:00:04]} 27. Rxc6 {[%emt 0:00:37]} Rhd8 $2 {[%emt 0:02:02]} (27... e5 $19 28. Rc7+ Ke6) 28. Rg1 $1 {[%emt 0:00:45]} Rd7 {[%emt 0:00:59]} 29. Rxg2 {[%emt 0:00:50]} Rad8 {[%emt 0:00:06]} 30. Rxa6 {[%emt 0:00:05]} Rxd6+ {[%emt 0:00:04]} 31. Rxd6 {[%emt 0:00:05]} Rxd6+ {[%emt 0:00:06]} 32. Ke3 {[%emt 0:00:05]} e5 {[%emt 0:01:33]} 33. a4 {[%emt 0:01:39]} f5 $11 {[%emt 0:00:34]} 34. Rc2 1/2-1/2

[Event "Nordic Youth-ch A 2019"]
[Site "Borgarnes"]
[Date "2019.02.15"]
[Round "2.6"]
[White "Sorensen, Hampus"]
[Black "Carlsson, Ludvig"]
[Result "1/2-1/2"]
[WhiteElo "2289"]
[BlackElo "2217"]
[Annotator "TA"]
[PlyCount "63"]
[EventDate "2019.02.03"]
[EventType "swiss"]
[EventCountry "ISL"]
[SourceTitle "playchess.com"]
[Source "ChessBase"]
[SourceQuality "1"]

{[%evp 9,63,8,12,8,12,13,14,12,30,33,32,25,32,7,16,12,8,3,0,4,26,33,27,9,9,12,3,7,13,1,81,87,81,80,107,108,113,31,31,7,46,31,28,0,0,0,0,0,0,0,0,0,0,0,0,0]} 1. Nf3 g6 2. g3 Bg7 3. Bg2 c5 4. O-O Nc6 5. c3 d5 6. d4 {A04: Unusual lines after 1 Nf3 and King's Indian Attack} cxd4 7. cxd4 Nf6 (7... Nh6 8. Nc3 Nf5 9. e3 O-O 10. b3 Re8 11. Bb2 e6 12. Rc1 Bd7 13. Ne1 Rc8 {0-1 (51) Caruana,F (2804)-Vachier Lagrave,M (2789) Leuven 2016}) 8. Ne5 Nxe5 9. dxe5 Ne4 10. Qd4 O-O 11. Nd2 $146 ({Predecessor:} 11. Rd1 Qc7 12. Na3 Bxe5 13. Qxd5 Nf6 {1-0 (30) Hulak,K (2510)-Stevic,H (2476) Pula 2000}) 11... Qb6 12. Qxb6 axb6 13. f4 Bf5 14. Nxe4 Bxe4 (14... dxe4 {feels hotter.} 15. h3 h5 16. Bd2 f6 17. Bc3 fxe5 18. fxe5 Rfc8) 15. Bxe4 dxe4 16. Be3 f6 17. Bd4 fxe5 18. fxe5 Rxf1+ 19. Kxf1 $11 {[%mdl 4096] Endgame KRB-KRB} e3 (19... Rd8 $11 20. e3 Rd5) 20. Rc1 $16 Rd8 21. Bxb6 Rd2 22. Bxe3 Rxb2 {[#]} 23. Bd4 (23. e6 $1 $16 {Threatening mate with Rc8+.} h5 24. Rc8+ Kh7 25. Bg5) 23... Rxa2 $14 24. Rc7 Rd2 25. e3 Bf8 26. Rxb7 Rxh2 {The position is equal.} 27. e6 Rc2 28. Rb6 Bg7 29. Rb8+ Bf8 30. Rb6 Bg7 31. Rb8+ Bf8 32. Rb6 {Accuracy: White = 60%, Black = 58%.} 1/2-1/2

[Event "Nordic Youth-ch A 2019"]
[Site "Borgarnes"]
[Date "2019.02.15"]
[Round "2.7"]
[White "Briem, Stephan"]
[Black "Stefansson, Vignir Vatnar"]
[Result "1-0"]
[WhiteElo "1987"]
[BlackElo "2263"]
[Annotator "TA"]
[PlyCount "77"]
[EventDate "2019.02.03"]
[EventType "swiss"]
[EventCountry "ISL"]
[SourceTitle "playchess.com"]
[Source "ChessBase"]
[SourceQuality "1"]

{[%evp 16,77,35,35,37,0,0,0,0,0,0,-33,89,85,129,108,107,91,167,158,170,143,140,137,135,128,236,147,157,150,166,158,175,0,145,0,158,163,200,180,259,253,253,227,234,175,218,196,234,256,265,252,263,260,257,244,263,263,291,293,478,469,453,226]} 1. d4 g6 2. Nf3 f5 3. g3 Nf6 4. Bg2 Bg7 5. O-O O-O 6. Nbd2 d6 7. Re1 {[%cal Bf1e1,Be1e5,Be5a5,Ba5a3,Ba3d3,Bd3d7][%mdl 32]} Nc6 8. e4 e5 {A81: Dutch Defence: 2 g3} (8... fxe4 9. Nxe4 Nxe4 10. Rxe4 Bf5 11. Re1 Bg4 12. c3 Qd7 13. Qb3+ d5 14. Bf4 Bxf3 15. Bxf3 Rad8 16. Bg2 b6 17. Qb5 Rf6 18. a4 h6 {1-0 (26) Gelfand,B (2703)-Laznicka,V (2662) Novy Bor 2018}) 9. exf5 {LiveBook: 3 Games} gxf5 10. dxe5 dxe5 {The position is equal.} 11. Nxe5 Nxe5 12. Rxe5 Ne4 $1 13. Ra5 $146 ({Predecessor:} 13. Rxe4 fxe4 14. Qe2 Bf5 15. Nxe4 Qe7 16. Be3 Rae8 17. Qc4+ Be6 18. Qa4 b6 19. c3 Kh8 20. Ng5 {½-½ (20) Hoffmann,M (2462)-Wiersma,E (2409) Netherlands 2006}) 13... b6 (13... Nxf2 $1 $15 {stays ahead.} 14. Kxf2 Qd4+ 15. Kf1 f4 16. Bd5+ Kh8) 14. Ra3 Bb7 15. Rd3 Qf6 16. Nf1 a5 (16... Qg6 $16) 17. c3 $1 $18 a4 18. Be3 Qe6 19. a3 Ba6 20. Rd7 Rac8 (20... Be5 $16 {was necessary.}) 21. Qd5 ({But not} 21. Qxa4 Bc4) 21... Qxd5 22. Rxd5 Bc4 23. Rd7 Bb5 24. Rd5 Bc4 $1 {[%cal Rc4d5]} 25. Rd7 Bb5 {[#]} 26. Rdd1 $1 Rcd8 27. Bf4 Bxf1 (27... Rc8 $142 28. Ne3 Nc5) 28. Kxf1 c6 29. Bxe4 fxe4 30. Be3 c5 31. Ke2 c4 32. Rxd8 ({Resist} 32. Bxb6 $6 Rb8) 32... Rxd8 {[%mdl 4096] Endgame KRB-KRB} 33. Rd1 Rd3 34. Bxb6 Kf7 35. Be3 Ke6 36. Rf1 Kd5 37. f3 Be5 $2 (37... exf3+ {is a better defense.} 38. Rxf3 Ke6) 38. fxe4+ Kxe4 {[#]} 39. Bf4 {Precision: White = 75%, Black = 42%.} (39. Bd4 $142 $1) 1-0

[Event "Nordic Youth-ch A 2019"]
[Site "Borgarnes"]
[Date "2019.02.15"]
[Round "2.8"]
[White "Holm, Filip"]
[Black "Fjallheim, Leif Reinert"]
[Result "1-0"]
[WhiteElo "1960"]
[BlackElo "1712"]
[Annotator "NA RC"]
[PlyCount "89"]
[EventDate "2019.02.03"]
[EventType "swiss"]
[EventCountry "ISL"]
[SourceTitle "playchess.com"]
[Source "ChessBase"]
[SourceQuality "1"]
[TimeControl "40/5400+30:1800+30"]

1. e4 {[%emt 0:00:00]} e5 {[%emt 0:00:00]} 2. Nf3 {[%emt 0:00:00]} Nc6 {[%emt 0:00:19]} 3. Bc4 {[%emt 0:00:00]} Bc5 {[%emt 0:00:29]} 4. d3 {[%emt 0:00:06]} Nf6 {[%emt 0:01:32]} 5. O-O {[%emt 0:00:33]} d6 {[%emt 0:00:58]} 6. Bg5 {[%emt 0:00:12]} h6 {[%emt 0:01:28]} 7. Bh4 {[%emt 0:00:21]} g5 {[%emt 0:10:27] C50: Hungarian Defence and Giuoco Pianissimo} 8. Bg3 {[%emt 0:04:01]} Bg4 {[%emt 0:03:06]} (8... h5 9. Nxg5 h4 10. Nxf7 hxg3 11. Nxd8 Bg4 12. Qd2 Nd4 13. Nf7 Rxh2 14. Ng5 Ke7 15. Qe3 Ne2+ 16. Qxe2 Bxe2 17. d4 Rah8 18. Nh3 Bxc4 19. dxc5 Bxf1 20. cxd6+ cxd6 21. Kxf1 Rh1+ {0-1 (21) Mladek,R (2299)-Tomczak,M (2432) Pardubice 2018}) 9. h3 {[%emt 0:02:42]} Bh5 {[%emt 0:01:44]} 10. c3 {[%emt 0:01:28]} Bb6 {[%emt 0:08:03]} 11. b4 {[%emt 0:02:20]} Qd7 {[%emt 0:07:30]} 12. a4 $146 {[%emt 0:05:54]} ({Predecessor:} 12. Nbd2 g4 13. hxg4 Bxg4 14. a4 a5 15. Bb5 axb4 16. cxb4 {1-0 (34) Kolisch,I-Paulsen,L London (London CC) 1861}) 12... a5 {[%emt 0:05:33]} 13. b5 {[%emt 0:00:46]} Nd8 {[%emt 0:04:47]} 14. Nbd2 {[%emt 0:01:54]} Ne6 {[%emt 0:04:11]} 15. Bxe6 {[%emt 0:00:47]} Qxe6 {[%emt 0:01:42]} 16. Qc2 {[%emt 0:00:22]} Rg8 {[%emt 0:07:47]} 17. Rae1 {[%emt 0:06:24]} Bxf3 {[%emt 0:01:44]} 18. Nxf3 {[%emt 0:00:11]} Nh5 {[%emt 0:01:19]} 19. Kh2 $1 {[%emt 0:04:30]} O-O-O {[%emt 0:08:38]} 20. d4 {[%emt 0:02:29]} f6 {[%emt 0:02:04]} 21. Qd3 {[%emt 0:10:05]} Rg7 {[%emt 0:13:27]} ({Black should play} 21... g4 $15 22. Nh4 gxh3 23. gxh3 Ng7) 22. Nd2 {[%emt 0:06:20]} Nf4 {[%emt 0:04:17]} 23. Bxf4 {[%emt 0:01:17]} gxf4 {[%emt 0:00:21]} 24. Nc4 {[%emt 0:01:18]} Rdg8 {[%emt 0:01:50]} 25. Rg1 $1 {[%emt 0:00:27]} Rg5 {[%emt 0:02:26]} 26. g3 {[%emt 0:03:36]} Rh5 {[%emt 0:04:04]} 27. gxf4 {[%emt 0:00:21]} exf4 {[%emt 0:00:42]} 28. Nxb6+ {[%emt 0:04:31]} cxb6 {[%emt 0:00:02]} 29. d5 {[%emt 0:00:08]} (29. Rxg8+ $18 {and White stays clearly on top.} Qxg8 30. Qf3) 29... Qf7 {[%emt 0:01:07]} (29... Rg3 $1 $14 30. Rxg3 (30. dxe6 $2 {leads to mate.} Rhxh3#) 30... fxg3+ 31. Qxg3 Rxd5) 30. Qf3 {[%emt 0:01:57]} Rh4 {[%emt 0:02:09]} (30... Rhg5 $16 {was necessary.}) 31. Rxg8+ {[%emt 0:01:53]} Qxg8 {[%emt 0:00:08]} 32. Rg1 {[%emt 0:00:05]} Qf7 {[%emt 0:01:32]} 33. Rg4 {[%emt 0:00:15]} Rxg4 {[%emt 0:00:29]} 34. Qxg4+ $18 {[%emt 0:00:08]} ({Much less strong is} 34. hxg4 Qh7 $18) 34... Kd8 {[%emt 0:00:26]} 35. Qxf4 {[%emt 0:00:13]} Qf8 {[%emt 0:00:22]} 36. Qf5 {[%emt 0:00:15]} Qe7 {[%emt 0:00:42]} 37. Kg3 {[%emt 0:02:16]} Ke8 {[%emt 0:00:29]} 38. Kg4 {[%emt 0:01:36]} Kf8 {[%emt 0:00:31]} 39. f4 {[%emt 0:01:12]} Kg7 {[%emt 0:00:29]} 40. Qe6 {[%emt 0:01:29]} Qc7 {[%emt 0:00:27]} 41. Kf5 {[%emt 0:30:07]} Qxc3 {[%emt 0:30:29]} 42. Qe7+ {[%emt 0:00:07]} Kh8 {[%emt 0:00:36]} 43. Qe8+ {[%emt 0:00:14]} Kg7 {[%emt 0:00:22]} 44. Qg6+ {[%emt 0:00:12]} Kf8 {[%emt 0:00:05]} 45. Qxf6+ {[%emt 0:00:10]} 1-0